[Event "Challenge"]
[Site "http://www.queenalice.com/game.php?id=497592"]
[Date "2008.11.24"]
[Round "-"]
[White "cralmeida"]
[Black "dudumemoria"]
[Result "1-0"]
[WhiteElo "1405"]
[BlackElo "933"]

1. e4 d6 2. Nc3 e5 3. d3 Qf6 4. Nd5 Qh4 5. Nxc7+ Kd8 6. Nxa8 h5 7. Nf3 Qf6 8.
Ng5 d5 9. Be3 Nh6 10. Qxh5 g6 11. Qf3 Bb4+ 12. c3 Ba5 13. Qxf6+ Kd7 14. Qxh8 Ng4
15. d4 1-0

[Event "Challenge"]
[Site "http://www.queenalice.com/game.php?id=497594"]
[Date "2008.11.24"]
[Round "-"]
[White "dudumemoria"]
[Black "fbenevides"]
[Result "0-1"]
[WhiteElo "985"]
[BlackElo "1552"]

1. e4 Nc6 2. b3 e5 3. Bb2 Qf6 4. Nh3 Bc5 5. f4 Qe7 6. d4 exd4 7. Bc4 Qxe4+ 8.
Kf1 d6 9. Bc3 Bxh3 10. Rg1 Qxf4+ 11. Ke1 dxc3 12. Qh5 Qf2+ 13. Kd1 Qxg1+ 14. Ke2
Qe3+ 15. Kd1 Nh6 16. gxh3 O-O 17. Na3 Rae8 18. Qg4 Qe1# 0-1

[Event "Challenge"]
[Site "http://www.queenalice.com/game.php?id=497595"]
[Date "2008.11.24"]
[Round "-"]
[White "dudumemoria"]
[Black "cralmeida"]
[Result "0-1"]
[WhiteElo "933"]
[BlackElo "1405"]

1. e4 e5 2. Bc4 Nf6 3. Qf3 b6 4. a4 Bc5 5. Nh3 Bb7 6. Nc3 Nc6 7. Ng5 Nd4 8. Qh3
Nxc2+ 9. Kd1 Nxa1 10. Bxf7+ Kf8 11. f4 exf4 12. e5 Nd5 13. Qg4 Ne3+ 14. Ke1 Nxg4
0-1

[Event "Challenge"]
[Site "http://www.queenalice.com/game.php?id=497601"]
[Date "2008.11.24"]
[Round "-"]
[White "BIGBEN"]
[Black "dudumemoria"]
[Result "1-0"]
[WhiteElo "1500"]
[BlackElo "985"]

1. e4 e5 2. Nf3 Nf6 3. Nc3 d6 4. Bc4 Nc6 5. Ng5 Qe7 6. Bxf7+ Kd7 7. Be6+ Kd8 8.
Nf7+ Ke8 9. Bxc8 Qxf7 10. Bxb7 Rd8 11. Bxc6+ Nd7 12. Nd5 h5 13. Nxc7+ Ke7 14. d3
Rh6 15. Bxh6 gxh6 16. Nd5+ Ke6 17. Qf3 Bg7 18. Qh3+ Qf5 19. Qxf5# 1-0

[Event "Challenge"]
[Site "http://www.queenalice.com/game.php?id=497639"]
[Date "2008.11.24"]
[Round "-"]
[White "nandobr"]
[Black "dudumemoria"]
[Result "1-0"]
[WhiteElo "1280"]
[BlackElo "952"]

1. a4 e5 2. Nc3 a5 3. Nb5 Ra6 4. e4 d6 5. Bc4 Nc6 6. Qf3 Qg5 7. Qxf7+ Kd8 8.
Qxf8+ Kd7 9. Qf7+ Nce7 10. d4 Rc6 11. Qe6+ Kd8 12. Qxg8+ Rxg8 13. Bxg5 1-0

[Event "AUTO-OPEN-1346"]
[Site "http://www.queenalice.com/game.php?id=497832"]
[Date "2008.11.24"]
[Round "1"]
[White "Janivgm"]
[Black "dudumemoria"]
[Result "1-0"]
[WhiteElo "1812"]
[BlackElo "985"]

1. e4 e5 2. Nf3 Bc5 3. d4 Bb6 4. dxe5 Nh6 5. h3 Qe7 6. Nc3 Na6 7. Nd5 Bc5 8.
Bxa6 Qe6 9. Nxc7+ Ke7 10. Nxe6 dxe6 11. Bb5 a6 12. Bg5+ Kf8 13. Qd8# 1-0

[Event "AUTO-OPEN-1346"]
[Site "http://www.queenalice.com/game.php?id=497833"]
[Date "2008.11.24"]
[Round "1"]
[White "dudumemoria"]
[Black "Janivgm"]
[Result "0-1"]
[WhiteElo "985"]
[BlackElo "1814"]

1. e4 e5 2. Qf3 Nc6 3. Bc4 Nf6 4. g4 h6 5. d3 Nd4 6. Qh3 Nxc2+ 7. Kd1 Nxa1 8. g5
Ng8 9. gxh6 Rxh6 10. Bxh6 gxh6 11. Qf5 Qe7 12. h4 d5 13. Qf3 dxc4 14. dxc4 Nf6
15. Qd3 Ng4 16. Rh3 Nxf2+ 17. Kd2 Nxd3 18. Rxd3 Qb4+ 19. Rc3 Qxb2+ 20. Ke1 Qxb1+
0-1

[Event "AUTO-OPEN-1346"]
[Site "http://www.queenalice.com/game.php?id=497878"]
[Date "2008.11.24"]
[Round "1"]
[White "GMNeny"]
[Black "dudumemoria"]
[Result "1-0"]
[WhiteElo "1999"]
[BlackElo "985"]

1. e4 e5 2. Nf3 Bc5 3. Nxe5 Qf6 4. Nf3 g5 5. d4 Bb6 6. e5 Qe6 7. Nxg5 Qf5 8. Bd3
Qxg5 9. Bxg5 Bxd4 10. Bf6 Nxf6 11. exf6 Bxb2 12. Qe2+ Kf8 13. Qe7+ Kg8 14. Qe8#
1-0

[Event "AUTO-OPEN-1346"]
[Site "http://www.queenalice.com/game.php?id=497879"]
[Date "2008.11.24"]
[Round "1"]
[White "dudumemoria"]
[Black "GMNeny"]
[Result "0-1"]
[WhiteElo "952"]
[BlackElo "1995"]

1. e4 c5 2. Bc4 a6 3. Qf3 e6 4. Nh3 b5 5. Bb3 c4 6. Qf4 cxb3 7. Ng5 Qf6 8. Qf3
Qxg5 9. h4 Qf6 10. Rh3 bxc2 11. Nc3 Qxf3 12. Rxf3 Bb4 13. a4 Bxc3 14. Rxc3 Bb7
15. Rxc2 Ne7 16. f3 O-O 17. Rc7 Bc6 18. d4 bxa4 19. d5 exd5 20. exd5 Nxd5 21.
Rxc6 Nxc6 22. Rxa4 Rfe8+ 23. Kd1 Ncb4 24. Bd2 Rac8 25. Rxb4 Nxb4 26. Bxb4 Rc4
27. Ba3 Re3 0-1

[Event "AUTO-BEG-268"]
[Site "http://www.queenalice.com/game.php?id=498211"]
[Date "2008.11.25"]
[Round "1"]
[White "lafayete2000"]
[Black "dudumemoria"]
[Result "1-0"]
[WhiteElo "1336"]
[BlackElo "985"]

1. e4 e5 2. Qh5 Qf6 3. Nc3 Bc5 4. Nf3 g5 5. Qxg5 Qxg5 6. Nxg5 Nf6 7. Nb5 Na6 8.
Bc4 Rf8 9. d3 Ng4 10. O-O Rg8 11. Bxf7+ Kf8 12. Bxg8 Kxg8 13. a4 d6 14. h3 Nf6
15. c3 Bd7 16. Be3 Rf8 17. Bxc5 dxc5 18. Nxa7 h6 19. Nf3 Bxa4 20. Nxe5 Rd8 21.
Rxa4 Rxd3 22. Nxd3 Nxe4 23. Rxe4 1-0

[Event "AUTO-BEG-268"]
[Site "http://www.queenalice.com/game.php?id=498212"]
[Date "2008.11.25"]
[Round "1"]
[White "dudumemoria"]
[Black "lafayete2000"]
[Result "0-1"]
[WhiteElo "946"]
[BlackElo "1415"]

1. e4 e5 2. Bc4 Nf6 3. Qf3 Bc5 4. h4 O-O 5. Rh3 d5 6. exd5 Bxh3 7. Qxh3 Ne4 8.
Nf3 Bxf2+ 9. Kd1 Bd4 10. c3 Nf2+ 11. Ke1 Nxh3 12. cxd4 exd4 13. gxh3 Re8+ 14.
Kf1 Qe7 15. a4 Qf6 16. Ra3 Re7 17. b4 Nc6 18. dxc6 Qxc6 19. Nxd4 Qh1+ 20. Kf2
Qxc1 21. Rc3 Qxb1 22. a5 Rae8 23. Rf3 Qe1+ 24. Kg2 Qxd2+ 25. Kg3 Qxd4 26. Bb3
Qd6+ 27. Kg4 Re4+ 0-1

[Event "AUTO-BEG-268"]
[Site "http://www.queenalice.com/game.php?id=498229"]
[Date "2008.11.25"]
[Round "1"]
[White "dudumemoria"]
[Black "Dayanamatos"]
[Result "0-1"]
[WhiteElo "938"]
[BlackElo "1259"]

1. e4 e5 2. Qf3 Nf6 3. Bc4 Bc5 4. g4 O-O 5. g5 Nh5 6. Qxh5 g6 7. Qh6 Re8 8. Nf3
d6 9. a4 Bg4 10. Ng1 c6 0-1

[Event "AUTO-BEG-268"]
[Site "http://www.queenalice.com/game.php?id=498230"]
[Date "2008.11.25"]
[Round "1"]
[White "Dayanamatos"]
[Black "dudumemoria"]
[Result "1-0"]
[WhiteElo "1256"]
[BlackElo "942"]

1. e4 d6 2. Nf3 e5 3. Bc4 Nf6 4. d3 Nc6 5. O-O Ng4 6. h3 Nf6 7. Be3 Nh5 8. Bg5
f6 9. Be3 Nb4 10. a3 Nc6 11. g4 1-0